<?xml version="1.0" encoding="UTF-8"?>
<record
    xmlns:xsi="http://www.w3.org/2001/XMLSchema-instance"
    xsi:schemaLocation="http://www.loc.gov/MARC21/slim http://www.loc.gov/standards/marcxml/schema/MARC21slim.xsd"
    xmlns="http://www.loc.gov/MARC21/slim">

  <leader>03053nam a2200577Ia 4500</leader>
  <controlfield tag="001">6093</controlfield>
  <controlfield tag="008">241029s9999    xx            000 0 und d</controlfield>
  <datafield tag="010" ind1=" " ind2=" ">
    <subfield code="a">5734</subfield>
  </datafield>
  <datafield tag="041" ind1=" " ind2=" ">
    <subfield code="a">Espa&#xF1;ol</subfield>
  </datafield>
  <datafield tag="082" ind1=" " ind2=" ">
    <subfield code="a">N/A</subfield>
  </datafield>
  <datafield tag="245" ind1=" " ind2="0">
    <subfield code="a">Implementaci&#xF3;n de la Tecnolog&#xED;a de la Informaci&#xF3;n y Comunicaci&#xF3;n por Profesores y Estudiantes de Franc&#xE9;s, Universidad Cat&#xF3;lica Nordestana (UCNE), cuatrimestre 1-2018</subfield>
  </datafield>
  <datafield tag="260" ind1=" " ind2=" ">
    <subfield code="a">Duarte</subfield>
  </datafield>
  <datafield tag="300" ind1=" " ind2=" ">
    <subfield code="a">80</subfield>
  </datafield>
  <datafield tag="520" ind1=" " ind2=" ">
    <subfield code="a">73</subfield>
  </datafield>
  <datafield tag="630" ind1=" " ind2=" ">
    <subfield code="a">Recursos Audiovisuales</subfield>
  </datafield>
  <datafield tag="630" ind1=" " ind2=" ">
    <subfield code="a">Recursos Did&#xE1;cticos</subfield>
  </datafield>
  <datafield tag="630" ind1=" " ind2=" ">
    <subfield code="a">Recursos Tecnol&#xF3;gicos</subfield>
  </datafield>
  <datafield tag="630" ind1=" " ind2=" ">
    <subfield code="a">Tecnolog&#xED;a de la Informaci&#xF3;n y Comunicaci&#xF3;n (TICs)</subfield>
  </datafield>
  <datafield tag="630" ind1=" " ind2=" ">
    <subfield code="a">Tecnolog&#xED;a Educativa</subfield>
  </datafield>
  <datafield tag="650" ind1=" " ind2=" ">
    <subfield code="a">Tecnolog&#xED;a de la Informaci&#xF3;n y de la Comunicaci&#xF3;n (TICs)</subfield>
  </datafield>
  <datafield tag="690" ind1=" " ind2=" ">
    <subfield code="a">Sintetizado</subfield>
  </datafield>
  <datafield tag="700" ind1=" " ind2=" ">
    <subfield code="e">asesor</subfield>
    <subfield code="a"> Hern&#xE1;ndez, Mar&#xED;a del Carmen </subfield>
  </datafield>
  <datafield tag="700" ind1=" " ind2=" ">
    <subfield code="e">autor</subfield>
    <subfield code="a">Ort&#xED;z, Jos&#xE9; Francisco</subfield>
  </datafield>
  <datafield tag="700" ind1=" " ind2=" ">
    <subfield code="e">autor</subfield>
    <subfield code="a">Duarte S&#xE1;nchez, Raymord </subfield>
  </datafield>
  <datafield tag="901" ind1=" " ind2=" ">
    <subfield code="a">{"1":"Ort&#xED;z","2":"Duarte S&#xE1;nchez"}</subfield>
    <subfield code="b">{"1":"Jos&#xE9; Francisco","2":"Raymord "}</subfield>
  </datafield>
  <datafield tag="902" ind1=" " ind2=" ">
    <subfield code="a">1</subfield>
  </datafield>
  <datafield tag="903" ind1=" " ind2=" ">
    <subfield code="a">{"1":" Hern&#xE1;ndez"}</subfield>
    <subfield code="b">{"1":"Mar&#xED;a del Carmen "}</subfield>
  </datafield>
  <datafield tag="904" ind1=" " ind2=" ">
    <subfield code="a">Maestr&#xED;a en</subfield>
  </datafield>
  <datafield tag="905" ind1=" " ind2=" ">
    <subfield code="a">Docencia Universitaria</subfield>
  </datafield>
  <datafield tag="906" ind1=" " ind2=" ">
    <subfield code="a">2</subfield>
  </datafield>
  <datafield tag="907" ind1=" " ind2=" ">
    <subfield code="a">NO APLICA</subfield>
  </datafield>
  <datafield tag="908" ind1=" " ind2=" ">
    <subfield code="a">NO APLICA</subfield>
  </datafield>
  <datafield tag="909" ind1=" " ind2=" ">
    <subfield code="a">Universidad Cat&#xF3;lica Nordestana (UCNE)</subfield>
  </datafield>
  <datafield tag="910" ind1=" " ind2=" ">
    <subfield code="a">NULL</subfield>
    <subfield code="b">NULL</subfield>
  </datafield>
  <datafield tag="911" ind1=" " ind2=" ">
    <subfield code="a">["1"]</subfield>
  </datafield>
  <datafield tag="912" ind1=" " ind2=" ">
    <subfield code="a">NO APLICA</subfield>
  </datafield>
  <datafield tag="913" ind1=" " ind2=" ">
    <subfield code="a">NULL</subfield>
  </datafield>
  <datafield tag="914" ind1=" " ind2=" ">
    <subfield code="a">01 de Marzo de 2018</subfield>
  </datafield>
  <datafield tag="915" ind1=" " ind2=" ">
    <subfield code="a">21/10/19 08:10</subfield>
  </datafield>
  <datafield tag="916" ind1=" " ind2=" ">
    <subfield code="a">NULL</subfield>
  </datafield>
  <datafield tag="917" ind1=" " ind2=" ">
    <subfield code="a">NULL</subfield>
  </datafield>
  <datafield tag="918" ind1=" " ind2=" ">
    <subfield code="a">NO APLICA</subfield>
  </datafield>
  <datafield tag="919" ind1=" " ind2=" ">
    <subfield code="a">["174","175","218","296","191"]</subfield>
  </datafield>
  <datafield tag="520" ind1=" " ind2=" ">
    <subfield code="a">El prop&#xF3;sito de este trabajo es se&#xF1;alar la implementaci&#xF3;n de tecnolog&#xED;a de informaci&#xF3;n y comunicaci&#xF3;n por profesores de Franc&#xE9;s en la Universidad Cat&#xF3;lica Nordestana (UCNE),&#xA0; en el a&#xF1;o 2018.El dise&#xF1;o de la investigaci&#xF3;n es descriptivo y transversal, el cual pretende identificar y describir, mediantes la observaci&#xF3;n respuestas a preguntas b&#xE1;sicas acerca de la implementaci&#xF3;n de la tecnolog&#xED;a de la informaci&#xF3;n y la comunicaci&#xF3;n por profesores de Franc&#xE9;s.Como resultado del an&#xE1;lisis se deduce que, la mayor&#xED;a de los profesores que imparten franc&#xE9;s se apoyan en distintos recursos de la tecnolog&#xED;a de la informaci&#xF3;n y la comunicaci&#xF3;n TIC, para realizar un proceso de aprendizaje significativo e innovador, que satisfaga las demanadas de la sociedad del conocimiento, que respode a necesidades del contexto social en constante desarrollo, desfavoreciendo en gran medida el proceso de aprendizaje, por la falta de implementaci&#xF3;n del mismo, dejando de lado una cantidad de informaci&#xF3;n pedag&#xF3;dica importante que estos recursos proporcionan para atender necesidades educativas. Por tal raz&#xF3;n, es fundamental en el aprendizaje del idiomas la implementaci&#xF3;n de recursos que permitan desarrollar habilidades, mediante la adquisici&#xF3;n de una lengua funcional como lo plantea el marco com&#xFA;n Europeo de referencias para la lengua.</subfield>
  </datafield>
  <datafield tag="921" ind1=" " ind2=" ">
    <subfield code="a">72</subfield>
  </datafield>
  <datafield tag="922" ind1=" " ind2=" ">
    <subfield code="a">72</subfield>
  </datafield>
  <datafield tag="923" ind1=" " ind2=" ">
    <subfield code="a">1</subfield>
  </datafield>
  <datafield tag="924" ind1=" " ind2=" ">
    <subfield code="a">NO APLICA</subfield>
  </datafield>
  <datafield tag="942" ind1=" " ind2=" ">
    <subfield code="c">Tesis</subfield>
  </datafield>
  <datafield tag="999" ind1=" " ind2=" ">
    <subfield code="c">5734</subfield>
    <subfield code="d">5734</subfield>
  </datafield>
</record>
